A szülői felügyeleti jog tartalma, megszüntetése, szüneteltetése, valamint gyámhivatali alkalmazása

Elmentve itt :
Bibliográfiai részletek
Szerző: Tóth Brigitta
További közreműködők: Tóthné Dr. Fábián Eszter (Témavezető)
Dokumentumtípus: Szakdolgozat
Megjelent: 2002
Tárgyszavak:
Online Access:http://diploma.bibl.u-szeged.hu/27383
LEADER 00631nta a2200157 i 4500
001 dipl27383
005 20130314084835.0
008 111109s2002 hu om 0|| zxx d
040 |a SZTE Diploma Repozitórium  |b hun 
041 |a zxx 
100 1 |a Tóth Brigitta 
245 1 2 |a A szülői felügyeleti jog tartalma, megszüntetése, szüneteltetése, valamint gyámhivatali alkalmazása  |h [elektronikus dokumentum] /  |c Brigitta Tóth 
260 |c 2002 
650 4 |a Jogi és igazgatási tanulmányok 
700 2 |a Tóthné Dr. Fábián Eszter  |e ths 
856 4 0 |u http://diploma.bibl.u-szeged.hu/id/eprint/27383/1/2002_toth_brigitta.pdf  |z Dokumentum-elérés